Multiphase flow in polymer processing /
Guardado en:
| Autor Principal: | |
|---|---|
| Formato: | Libro |
| Idioma: | English |
| Publicado: |
New York :
Academic Press,
1981.
|
| Materias: | |
| Etiquetas: |
Agregar Etiqueta
Sin Etiquetas, Sea el primero en etiquetar este registro!
|
| LEADER | 00739cam a22002295a 4500 | ||
|---|---|---|---|
| 001 | EIQ.libpla003585 | ||
| 008 | 810715s1981####nyua#####b####001#0#eng#d | ||
| 005 | 20080215165824.0 | ||
| 245 | 1 | 0 | |a Multiphase flow in polymer processing / |c Chang Dae Han. |
| 260 | |a New York : |b Academic Press, |c 1981. | ||
| 300 | |a xv, 459 p. : |b il. ; |c 24 cm. | ||
| 504 | |a Incluye referencias bibliográficas e índices. | ||
| 020 | |a 0123224608 | ||
| 100 | 1 | |a Han, Chang Dae. | |
| 082 | 0 | 0 | |a 668.9 |2 19 |
| 650 | 4 | |a Polímeros |x Reología. | |
| 650 | 4 | |a Polímeros |x Flujo multifase. | |
| 650 | 4 | |a Polymers |x Rheology. | |
| 650 | 4 | |a Polymers |x Multiphase Flow. | |
| 010 | |a 80070598 | ||
| 040 | |a DLC |c DLC |d AR-BbSID | ||
| 859 | |a AR-BbSID |b BIB. PLAPIQUI |h 668.9 |i H 19 |p 3837 | ||
